Sports Quiz

Random Sports or Basketball Quiz

Sun Belt Quiz Stats

 Plays Quiz Updated Oct 19, 2016

Score 0/24 Timer 05:00
0 Plays Today
% Correct
Troy University
63.8%
Arkansas State University
61.2%
University of Louisiana at Lafayette
59.5%
University of Louisiana at Monroe
58.6%
Trojans
54.8%
Trojans
54.8%
Eagles
54.5%
Georgia State University
53%
Georgia Southern University
48.1%
Ragin' Cajuns
46.5%
University of South Alabama
45.5%
Appalachian State University
45.5%
% Correct
Panthers
44.8%
University of Arkansas at Little Rock
42.3%
Coastal Carolina University
42%
Red Wolves
38.4%
Mountaineers
38.2%
Warhawks
38%
Bobcats
36.2%
Jaguars
36.1%
Texas State University
35.3%
Chanticleers
33.9%
University of Texas at Arlington
31.4%
Mavericks
27.6%

You're not logged in!

Compare scores with friends on all Sporcle quizzes.
OR
Log In

Sporcle TV

Today on Sporcle TV


Watch our educational content, quiz creation guides, and fun videos on Sporcle TV.

You Might Also Like...

Show Comments

Extras

Top Quizzes Today


Score Distribution

Your Account Isn't Verified!

In order to create a playlist on Sporcle, you need to verify the email address you used during registration. Go to your Sporcle Settings to finish the process.

Report this User

Report this user for behavior that violates our Community Guidelines.

Details: